Kaghaz ty Kanwas / (Record no. 526853)

000 -LEADER
fixed length control field 00563nam a22001937a 4500
003 - CONTROL NUMBER IDENTIFIER
control field NUST
020 ## - INTERNATIONAL STANDARD BOOK NUMBER
International Standard Book Number 978-969-8957-05-7
Qualifying information HBK
038 ## - RECORD CONTENT LICENSOR
Staff Name Faiza
082 ## - DEWEY DECIMAL CLASSIFICATION NUMBER
Classification number 891.421
Author Mark AMR
100 ## - MAIN ENTRY--PERSONAL NAME
Personal name Preetam, Amrita
9 (RLIN) 17848
245 ## - TITLE STATEMENT
Title Kaghaz ty Kanwas /
Statement of responsibility, etc. Amrita Preetam
250 ## - EDITION STATEMENT
Edition statement 2nd ed.
260 ## - PUBLICATION, DISTRIBUTION, ETC.
Place of publication, distribution, etc. Lahore :
Name of publisher, distributor, etc. Sanjh Publications,
Date of publication, distribution, etc. 2013.
300 ## - PHYSICAL DESCRIPTION
Extent 527 p. ;
880 ## - ALTERNATE GRAPHIC REPRESENTATION
Linkage 100-01\r
Title امرتا پریتم
880 ## - ALTERNATE GRAPHIC REPRESENTATION
Linkage 245-02\r
Title کاغذ تے کینوس /
880 ## - ALTERNATE GRAPHIC REPRESENTATION
Linkage 260-03\r
Title لاہور :
b سانجھ پبلیکیشنز,
c ۲۰۱۳.
942 ## - ADDED ENTRY ELEMENTS (KOHA)
Source of classification or shelving scheme
Koha item type Book
Holdings
Withdrawn status Lost status Source of classification or shelving scheme Damaged status Not for loan Permanent Location Current Location Date acquired Total Checkouts Full call number Barcode Date last seen Price effective from Koha item type
          Central Library (CL) Central Library (CL) 07/17/2019   891.421 AMR CL-E-1287 07/17/2019 07/17/2019 Book
© 2023 Central Library, National University of Sciences and Technology. All Rights Reserved.